| Tag |
First Indicator |
Second Indicator |
Subfields |
| LEADER |
00000cam a2200000 i 4500 |
| 001 |
in00003885331 |
| 005 |
20171016112434.0 |
| 008 |
930708s1992 txua b s000 0 eng |
| 010 |
|
|
|a 93621099
|
| 035 |
|
|
|a (OCoLC)ocm27791000
|
| 035 |
|
|
|a (OCoLC)27791000
|
| 040 |
|
|
|a DLC
|b eng
|e rda
|c DLC
|d BTCTA
|d OCLCG
|d OCLCO
|d OCLCF
|d OCLCQ
|d TXA
|d UtOrBLW
|
| 043 |
|
|
|a n-us-tx
|
| 049 |
|
|
|a TXAM
|
| 050 |
0 |
0 |
|a KFT1538.A4
|b E38 1992
|
| 082 |
0 |
0 |
|a 344.764/01544
|a 347.64041544
|2 20
|
| 086 |
|
|
|a Z TA245.7 B873 no. B-1250 [1992 revised]
|2 txdocs
|
| 090 |
|
|
|a S544.3.T4
|b T22 no. B-1250 [1992 revised]
|
| 100 |
1 |
|
|a Edwards, Richard A.,
|d 1927-
|0 http://id.loc.gov/authorities/names/n80014780
|
| 245 |
1 |
0 |
|a Texas farm labor handbook /
|c compiled by Richard A. Edwards.
|
| 250 |
|
|
|a 10-92, Revised.
|
| 264 |
|
1 |
|a College Station, Texas :
|b Texas Agricultural Extension Service,
|c [1992]
|
| 300 |
|
|
|a 48 pages :
|b illustrations ;
|c 28 cm
|
| 336 |
|
|
|a text
|b txt
|2 rdacontent
|
| 337 |
|
|
|a unmediated
|b n
|2 rdamedia
|
| 338 |
|
|
|a volume
|b nc
|2 rdacarrier
|
| 490 |
1 |
|
|a B / [Texas Agricultural Extension Service] ;
|v 1250
|
| 500 |
|
|
|a "3M--10-92, Revision"
|
| 504 |
|
|
|a Includes bibliographical references.
|
| 500 |
|
|
|a Title from cover.
|
| 550 |
|
|
|a The United States Department of Agriculture cooperating.
|
| 650 |
|
0 |
|a Agricultural laborers
|x Legal status, laws, etc.
|z Texas.
|
| 650 |
|
0 |
|a Migrant agricultural laborers
|x Legal status, laws, etc.
|z Texas.
|
| 650 |
|
7 |
|a Agricultural laborers
|x Legal status, laws, etc.
|2 fast
|0 (OCoLC)fst00800977
|
| 650 |
|
7 |
|a Migrant agricultural laborers
|x Legal status, laws, etc.
|2 fast
|0 (OCoLC)fst01020699
|
| 651 |
|
7 |
|a Texas.
|2 fast
|0 (OCoLC)fst01210336
|
| 650 |
|
3 |
|a farm labor.
|
| 650 |
|
3 |
|a wages and remuneration.
|
| 650 |
|
3 |
|a laws and regulations.
|
| 650 |
|
3 |
|a employment.
|
| 650 |
|
3 |
|a unemployment.
|
| 650 |
|
3 |
|a human resources management.
|
| 650 |
|
3 |
|a guidelines.
|
| 710 |
1 |
|
|a United States.
|b Department of Agriculture,
|e issuing body.
|0 http://id.loc.gov/authorities/names/n79008243
|
| 710 |
2 |
|
|a Texas Agricultural Extension Service,
|e issuing body.
|0 http://id.loc.gov/authorities/names/n80010192
|
| 830 |
|
0 |
|a B (Texas Agricultural Extension Service) ;
|v 1250 [1992 revised].
|0 http://id.loc.gov/authorities/names/no2004085644
|
| 856 |
4 |
1 |
|z Available online via OAK Trust Repository
|u http://oaktrust.library.tamu.edu/handle/1969.1/160352
|t 0
|
| 938 |
|
|
|a Baker and Taylor
|b BTCP
|n 93621099
|
| 994 |
|
|
|a C0
|b TXA
|
| 949 |
|
|
|a updated
|b h
|c 2017/7/3
|e mbradley
|f 1:30:25 pm
|
| 999 |
f |
f |
|s 27eb411e-872f-36aa-8399-e8d5801a27f5
|i d3d1756a-9ccb-3b43-bc17-05380bd7ba12
|t 0
|
| 952 |
f |
f |
|a Texas A&M University
|b College Station
|c Electronic Resources
|d Available Online
|t 0
|e Z TA245.7 B873 no. B-1250
|g Electronic
|h Other scheme
|
| 998 |
f |
f |
|a Z TA245.7 B873 no. B-1250
|t 0
|l Available Online
|